00463 2200193 4500001002100000005001500021035002000036008004100056245004700097100001200144250000600156260003600162300001100198084001400209082000800223650001400231990001200245990001200257INLIS00000000000040120240430015851 a0010-0424000377240430 0 ind 1 aSelayang Pandang Sumatera Utara /cPurwati aPurwati a1 aKlaten :bIntan Pariwara,c2008 a60 hlm a900 PUR s a900 4aNon Fiksi a0728641 a0728642